| 000 | 00715nam a2200241 a 4500 | ||
|---|---|---|---|
| 001 | BRCA_5832 | ||
| 005 | 20190320205230.0 | ||
| 008 | 140311s1888----gw-######d---#000-0#ger-# | ||
| 041 | _aspa | ||
| 044 | _ager | ||
| 050 | 4 |
_aPC4645.G3 _bD53 _c1888 |
|
| 100 | 1 |
_aTolhausen, Luis _914770 |
|
| 245 | 1 | 0 | _aDiccionario Español-Aleman y Aleman Español. |
| 260 |
_aLeipzig _bBernhaud Tauchnitz _c1888 |
||
| 300 |
_a2v. _c27 cm. |
||
| 500 | _aDiccionario en dos volúmenes. | ||
| 500 | _aH93 | ||
| 505 | 0 | _aContiene: v.1. Español-Aleman, v.2. Aleman-Español | |
| 650 | 1 | 4 |
_aIdioma español _vdiccionario _zAlemania _914771 |
| 650 | 1 | 4 |
_aIdioma aleman _vdiccionario _zAlemania _914772 |
| 902 | _aGFM | ||
| 942 |
_2lcc _cB |
||
| 999 |
_c5521 _d5521 |
||